00873nam a2200157Ia 4500008004100000082002300041100002000064245014700084260003900231365000600270630014700276730014700423942000900570999001900579952011700598100415s9999 xx 000 0 und d b9885a574.9095(54) aGupta SK (ed.) aStudy and Management of Water Resources in Arid and Semi-Arid Region : Symposium held at Physical Research Laboratory Ahmedbad 5-8 April, 1978 aNEW DELHIc1979bTODAY & TOMORROWS b0 aStudy and Management of Water Resources in Arid and Semi-Arid Region : Symposium held at Physical Research Laboratory Ahmedbad 5-8 April, 1978 aStudy and Management of Water Resources in Arid and Semi-Arid Region : Symposium held at Physical Research Laboratory Ahmedbad 5-8 April, 1978 cBOOK c592817d592814 00104070aBNHSbBNHSd1997-08-25g0.00l0o574.9095(54) 9885pBNHS-9885r2010-04-15 00:00:00w2010-04-15yBOOK